00721nam a2200253Ia 450000500170000000800460001702000180006303700100008104000080009104000080009904000080010704100080011504100080012308400080013110000330013924500330017226000310020526000090023665000220024585600780026794200100034599900210035595200910037620260306153852.0008 260114s9999 xx 000 0 eng d a9780748677597 aEBOOK aCRL beng cCRL 2eng aeng qCRL aNiederberger/Schink91126402 0aRepublican Democracy 1st ed bEdinburgh University Press c2013 aPolitical Science uhttps://www.cambridge.org/core/product/identifier/9780748677597/type/BOOK cEBOOK c1705225d1705225 00104070aCRLbCRLd2026-03-06l0pCL1985233r2026-03-06 15:38:52w2026-03-06yEBOOK